Malay now English Quiz Stats

 Plays Quiz not verified by Sporcle

Challenge
Share
Tweet
Embed
Score 0/10 Timer 04:00
0 Plays Today
Definition Word % Correct
Field for ricePaddy
77.8%
Solitary ape of BorneoOrangutan
76.5%
Savory tomato sauce, esp. for hot dogsKetchup
67.9%
Fast-growing asian grass/woodBamboo
56.8%
Chinese sailing shipJunk
40.7%
Become crazy and/or violentRun Amok
28.4%
Lice (slang)Cootie
24.7%
Group of buildings esp. cult-ownedCompound
23.5%
Echoing metal drumGong
19.8%
A small box, esp. for teaCaddy
9.9%

You're not logged in!

Compare scores with friends on all Sporcle quizzes.
OR
Log In

You Might Also Like...

Show Comments

Extras

Top Quizzes Today


Score Distribution

Your Account Isn't Verified!

In order to create a playlist on Sporcle, you need to verify the email address you used during registration. Go to your Sporcle Settings to finish the process.

Report this User

Report this user for behavior that violates our Community Guidelines.

Details: